Company law and secretarial practice (Record no. 5631)

MARC details
000 -LEADER
fixed length control field 00562cam a2200205ua 4500
008 - FIXED-LENGTH DATA ELEMENTS--GENERAL INFORMATION
fixed length control field 140213n ii |||gr||||Z||||||eng
040 ## - CATALOGING SOURCE
Transcribing agency MAIN
082 ## - DEWEY DECIMAL CLASSIFICATION NUMBER
Classification number 346.066
245 ## - TITLE STATEMENT
Title Company law and secretarial practice
Statement of responsibility, etc. By V.V. Seshavataram
250 ## - EDITION STATEMENT
Edition statement 2nd ed.
260 ## - PUBLICATION, DISTRIBUTION, ETC.
Place of publication, distribution, etc. New delhi:
Name of publisher, distributor, etc. S. Chand & company ltd,
Date of publication, distribution, etc. 1982.
300 ## - PHYSICAL DESCRIPTION
Extent x,202p.
700 ## - ADDED ENTRY--PERSONAL NAME
Personal name Seshavataram,V.V.,
Relator term
700 ## - ADDED ENTRY--PERSONAL NAME
Personal name Chacko,Ranjan,
Relator term
700 ## - ADDED ENTRY--PERSONAL NAME
Personal name Cornelius,Paul,
Relator term
700 ## - ADDED ENTRY--PERSONAL NAME
Personal name Ramavataram,G.,
Relator term
942 ## - ADDED ENTRY ELEMENTS (KOHA)
Koha item type Books
653 ## - INDEX TERM--UNCONTROLLED
Uncontrolled term Company law
Holdings
Withdrawn status Lost status Damaged status Not for loan Home library Current library Shelving location Date acquired Total Checkouts Full call number Barcode Date last seen Copy number Price effective from Koha item type
        Central Library, Naharkatiya College Central Library, Naharkatiya College General Stacks 19/09/2020   346.066 | COM 13883 19/09/2020 1 19/09/2020 Books

Naharkatiya College © 2020. All rights reserved.

Powered By